000 00850nam a2200229Ii 4500
003 JO-AjNU
008 230605s9999||||xx |||||||||||||| ||und||
017 _a2009/6/2824
020 _a978-9957-81-011-5
040 _aJO-AjNU
_bara
_erda
_cJO-AjNU
041 _aara
050 1 4 _aHF5548.32 .M53.2010
100 3 _aتأليف:المبيضين،باسم احمد,
_eauthor
_928145
245 0 0 _aالتجارة الالكترونية:مفهومها،اهميتها،خصائصها،فوائدها،المعوقات
250 _aط1
264 3 1 _aعمان: دار جليس الزمان للنشر والتوزيع؛2010
300 _a205ص
336 _atext
_btxt
_2rdacontent
337 _aunmediated
_bn
_2rdamedia
338 _avolume
_bnc
_2rdacarrier
650 4 _aالتجارة الالكترونية-التجارة الدولية
_928146
999 _aA10879
_c14447
_d14447